Detalles MARC
| 000 -CABECERA |
| campo de control de longitud fija |
01487nam a2200289 i 4500 |
| 003 - IDENTIFICADOR DEL NÚMERO DE CONTROL |
| campo de control |
DO-SdBNP |
| 005 - FECHA Y HORA DE LA ÚLTIMA TRANSACCIÓN |
| campo de control |
20240305130643.0 |
| 006 - CÓDIGOS DE INFORMACIÓN DE LONGITUD FIJA--CARACTERÍSTICAS DEL MATERIAL ADICIONAL |
| campo de control de longitud fija |
a||||gr|||| 00| 0 |
| 007 - CAMPO FIJO DE DESCRIPCIÓN FÍSICA--INFORMACIÓN GENERAL |
| campo de control de longitud fija |
ta |
| 008 - DATOS DE LONGITUD FIJA--INFORMACIÓN GENERAL |
| campo de control de longitud fija |
230614t2022 dr ahc||r|||| 00| 0dspa d |
| 020 ## - NÚMERO INTERNACIONAL ESTÁNDAR DEL LIBRO |
| Número Internacional Estándar del Libro |
9789945182927 |
| 040 ## - FUENTE DE LA CATALOGACIÓN |
| Centro catalogador/agencia de origen |
DO-SdBNP |
| Lengua de catalogación |
spa |
| Centro/agencia transcriptor |
BNPHU |
| Normas de descripción |
rda |
| 082 #4 - NÚMERO DE LA CLASIFICACIÓN DECIMAL DEWEY |
| Número de edición |
22 |
| Número de documento/Ítem |
R426d |
| 245 00 - MENCIÓN DE TÍTULO |
| Título |
República Dominicana: |
| Resto del título |
el difícil camino de la democracia, 1960 - 2000, (documentos, proclamas y discursos políticos). / |
| Mención de responsabilidad, etc. |
Editor, Alejandro Paulino Ramos |
| 264 #4 - PRODUCCIÓN, PUBLICACIÓN, DISTRIBUCIÓN, FABRICACIÓN Y COPYRIGHT |
| Producción, publicación, distribución, fabricación y copyright |
Santo Domingo : |
| Nombre del de productor, editor, distribuidor, fabricante |
Soto Castillo, |
| Fecha de producción, publicación, distribución, fabricación o copyright |
2022 |
| 300 ## - DESCRIPCIÓN FÍSICA |
| Extensión |
657 páginas : |
| Otras características físicas |
Ilustraciones, facsímil, láminas, retratos ; |
| Dimensiones |
24 cm |
| 336 ## - TIPO DE CONTENIDO |
| Fuente |
rdaconten |
| Término de tipo de contenido |
texto |
| Código de tipo de contenido |
txt |
| 337 ## - TIPO DE MEDIO |
| Fuente |
rdamedia |
| Nombre/término del tipo de medio |
sin medición |
| Código del tipo de medio |
n |
| 338 ## - TIPO DE SOPORTE |
| Fuente |
rdacarrier |
| Nombre/término del tipo de soporte |
volumen |
| Código del tipo de soporte |
nc |
| 500 ## - NOTA GENERAL |
| Nota general |
Incluye datos biográficos del autor en las solapas de las cubiertas |
| 500 ## - NOTA GENERAL |
| Nota general |
Incluye galería de fotos |
| 504 ## - NOTA DE BIBLIOGRAFÍA, ETC. |
| Nota de bibliografía, etc. |
Bibliografía: página 627 |
| 505 ## - NOTA DE CONTENIDO CON FORMATO |
| Nota de contenido con formato |
Presentación. |
| Información miscelánea |
Capítulo I: 1960 -1962. |
| Título |
Caminando a la democracia.-- |
| Información miscelánea |
Capítulo II: 1963 -1965. |
| Título |
Luchando por la democracia.-- |
| Información miscelánea |
Capítulo III: 1965 - 1966. |
| Título |
Defendiendo la democracia.-- |
| Información miscelánea |
Capítulo VI: 1966 -1978. |
| Título |
Totalitarismo contra libertades públicas.-- |
| Información miscelánea |
Capítulo V: 1978 -1986. |
| Título |
La democracia Restringida.-- |
| Información miscelánea |
Capítulo VI: 1986 -1996. |
| Título |
La vuelta al régimen autoritario.-- |
| Información miscelánea |
Capítulo VII: 1966 - 2000. |
| Título |
Democracia con apoyo autoritario. |
| 590 ## - NOTA LOCAL (RLIN) |
| Nota local |
Inventariado 2023 / MF |
| 700 1# - PUNTO DE ACCESO ADICIONAL--NOMBRE DE PERSONA |
| Nombre de persona |
Paulino Ramos, Alejandro, |
| Fechas asociadas al nombre |
1951- |
| 9 (RLIN) |
325 |
| 942 ## - ELEMENTOS DE PUNTO DE ACCESO ADICIONAL (KOHA) |
| Fuente del sistema de clasificación o colocación |
Dewey Decimal Classification |
| Tipo de ítem Koha |
Libro |